Największe miasta Irlandii. - Statystyki

Ogólne statystyki
  • Ten quiz został rozwiązany 154 razy
    97 od ostatniego zresetowania
  • Średni wynik to 4 z 10
Statystyki odpowiedzi
populacja Odpowiedź % Poprawnych
1 1,263,219 Dublin
100%
2 222,526 Cork
85%
4 85,910 Galway
53%
3 102,287 Limerick
43%
5 60,079 Waterford
22%
7 43,112 Dundalk
20%
6 44,135 Drogheda
14%
10 33,512 Bray
7%
9 33,886 Navan
4%
8 40,776 Swords
4%
Nie znaleziono quizów pasujących do podanych kryteriów
Rozkład punktacji
Procent ludzi z każdym wynikiem
Percentyl według liczby udzielonych odpowiedzi
Twoja historia wyników
Nie rozwiązałeś tego quizu od ostatniego zresetowania